[Event "MEX-ch U26"]
[Site "Merida"]
[Date "2019.05.17"]
[Round "6"]
[White "Garcia Nevarez, Moises Omar"]
[Black "Munoz, Villarino Samuel"]
[Result "1/2-1/2"]
[WhiteElo "2025"]
[BlackElo "2074"]
[PlyCount "121"]
[EventDate "2019.05.12"]
[EventType "swiss"]
[EventRounds "6"]
[EventCountry "MEX"]
[SourceTitle "EXT 2020"]
[Source "ChessBase"]
[SourceDate "2019.10.17"]
[SourceVersion "1"]
[SourceVersionDate "2019.10.17"]
[SourceQuality "1"]

1. Nf3 Nf6 2. g3 b6 3. Bg2 Bb7 4. c4 e6 5. d4 Be7 6. 0-0 0-0 7. d5 exd5 8. Nh4 c6 9. cxd5 Nxd5 10. Nf5 Nc7 11. e4 d5 12. Nc3 Bf6 13. exd5 cxd5 14. Bf4 Nba6 15. Re1 Bc8 16. Nd6 Be6 17. Nxd5 Nxd5 18. Bxd5 Bxd5 19. Qxd5 Bxb2 20. Rad1 Nc5 21. h4 Qd7 22. Bg5 Ne6 23. Qb3 Bd4 24. Nb5 Nxg5 25. Nxd4 Nh3+ 26. Kg2 Qg4 27. Qf3 Nxf2 28. Kxf2 Qd7 29. Nc6 Qe6 30. Ne7+ Kh8 31. Rxe6 fxe6 32. Rd6 Rxf3+ 33. Kxf3 g6 34. Rxe6 Rd8 35. Ke3 Rd1 36. Re4 b5 37. Nc6 a6 38. a4 Re1+ 39. Kd3 Rxe4 40. Kxe4 bxa4 41. Kd3 Kg7 42. g4 Kf6 43. Ke4 a3 44. Nb4 a5 45. Na2 h6 46. Nc3 Ke6 47. Kd4 Kf6 48. Kd5 h5 49. g5+ Kf5 50. Na2 Kg4 51. Ke5 Kxh4 52. Kf6 Kg3 53. Kxg6 h4 54. Kf5 h3 55. g6 h2 56. g7 h1Q 57. g8Q+ Kf2 58. Qc4 Qf3+ 59. Ke5 Qe2+ 60. Kd4 Qxc4+ 61. Kxc4 1/2-1/2

[Event "MEX-ch U26"]
[Site "Merida"]
[Date "2019.05.13"]
[Round "2"]
[White "Diaz Rosas, Julio Cesar"]
[Black "Munoz, Villarino Samuel"]
[Result "1-0"]
[WhiteElo "2323"]
[BlackElo "2074"]
[PlyCount "71"]
[EventDate "2019.05.12"]
[EventType "swiss"]
[EventRounds "6"]
[EventCountry "MEX"]
[SourceTitle "EXT 2020"]
[Source "ChessBase"]
[SourceDate "2019.10.17"]
[SourceVersion "1"]
[SourceVersionDate "2019.10.17"]
[SourceQuality "1"]

1. e4 e6 2. d4 d5 3. Nc3 Nf6 4. e5 Nfd7 5. f4 c5 6. Nf3 Nc6 7. Be3 Be7 8. Qd2 0-0 9. Bd3 b6 10. 0-0 f6 11. Bb5 Bb7 12. dxc5 Nxc5 13. Rae1 f5 14. Rd1 Qc7 15. Bxc6 Bxc6 16. Nd4 Bd7 17. Qe2 a6 18. g4 Ne4 19. gxf5 Nxc3 20. bxc3 exf5 21. Qg2 Qc4 22. Kh1 Rad8 23. Nb3 Rb8 24. Bd4 Be6 25. Rd3 Rf7 26. Qf2 Qc6 27. Qe2 a5 28. Rg1 a4 29. Nd2 b5 30. Rdg3 b4 31. Qg2 Bf8 32. Nf3 bxc3 33. Ng5 Rfb7 34. Qh3 h6 35. Nxe6 Qxe6 36. Rg6 1-0